[Event "10th WCh-University"]
[Site "Novokuznetsk RUS"]
[Date "2008.03.05"]
[Round "3"]
[White "Van Eijk, S."]
[Black "Mekhitarian, K."]
[Result "1/2-1/2"]
[WhiteElo "2283"]
[BlackElo "2456"]
[PlyCount "243"]
[EventDate "2008.03.04"]
[Source "www.chesslib.no"]
[SourceDate "2004.05.04"]

1. e4 c5 2. Nf3 d6 3. d4 cxd4 4. Nxd4 Nf6 5. Nc3 a6 6. Bc4 b5 7. Bb3 Bg4 8. f3 Bd7 9. O-O e6 10. a3 Nc6 11. Kh1 Be7 12. f4 O-O 13. f5 Nxd4 14. Qxd4 Ng4 15. Bf4 e5 16. Qd1 h5 17. Bc1 Bc6 18. h3 Nf6 19. Qf3 h4 20. Bg5 Nh7 21. Bxe7 Qxe7 22. Bd5 Rfc8 23. Bxc6 Rxc6 24. Nd5 Qg5 25. c3 Kf8 26. a4 bxa4 27. Rxa4 Nf6 28. Rb4 a5 29. Ra1 Rcc8 30. Rb5 Rc5 31. Nxf6 Qxf6 32. Rb7 Rcc8 33. Qd3 Kg8 34. Rb6 Rd8 35. Qd5 a4 36. Qc4 d5 37. Qb5 Qg5 38. exd5 Qxf5 39. Rf1 Qd7 40. c4 Rac8 41. Qb4 e4 42. Rb7 Rc7 43. Rxc7 Qxc7 44. Qc3 Qg3 45. Kg1 Qxc3 46. bxc3 Kf8 47. Ra1 Ra8 48. Kf2 Ke7 49. c5 Kf6 50. c6 Ke7 51. c7 Kd7 52. d6 f5 53. Ke3 g5 54. Rb1 Rc8 55. Rb6 a3 56. Kd4 a2 57. Ra6 Re8 58. Rxa2 Kxd6 59. Ra5 Kxc7 60. Rxf5 e3 61. Rf1 e2 62. Re1 g4 63. hxg4 Rg8 64. Rxe2 Rxg4+ 65. Ke5 Rg3 66. Kf4 Kd6 67. Rc2 Kc5 68. c4 Rg8 69. Kf3 Rg3+ 70. Kf2 Rg4 71. Rc3 Rg7 72. Re3 Rg4 73. Kf3 Rg3+ 74. Kf2 Rg4 75. Kg1 Kxc4 76. Kh2 Kd4 77. Re8 Kd3 78. Re7 Rg3 79. Ra7 Rg4 80. Ra2 Ke4 81. Kh3 Rg8 82. Kxh4 Kf5 83. Rf2+ Kg6 84. Rb2 Rh8+ 85. Kg4 Rc8 86. Rb6+ Kg7 87. Kh5 Rc5+ 88. Kh4 Rd5 89. g3 Rc5 90. Kg4 Ra5 91. Kf4 Ra4+ 92. Kg5 Ra5+ 93. Kh4 Rd5 94. Re6 Rc5 95. Kg4 Ra5 96. Kf4 Rb5 97. Re4 Ra5 98. Kg4 Rc5 99. Rf4 Kg6 100. Ra4 Kg7 101. Kh4 Rd5 102. Rg4+ Kh7 103. Rg5 Rd6 104. Kh5 Rc6 105. Ra5 Rh6+ 106. Kg5 Rg6+ 107. Kh4 Rb6 108. g4 Rc6 109. Kg5 Kg7 110. Ra7+ Kg8 111. Kh5 Rb6 112. g5 Rc6 113. Kg4 Rb6 114. Kf5 Rb5+ 115. Kf6 Rb6+ 116. Kf5 Rb5+ 117. Kg6 Rb6+ 118. Kh5 Rc6 119. Rd7 Rb6 120. Rc7 Ra6 121. g6 Ra1 122. Kh6 1/2-1/2

[Event "NED Team Ch 9596"]
[Site "NED"]
[Date "1995.??.??"]
[Round "?"]
[White "De Jong, Migchiel"]
[Black "Bosboom, Manuel"]
[Result "1-0"]
[WhiteElo "2300"]
[BlackElo "2430"]
[PlyCount "85"]
[EventDate "1995.??.??"]
[Source "www.chesslib.no"]
[SourceDate "2004.05.04"]

1. e4 c5 2. Nf3 d6 3. d4 cxd4 4. Nxd4 Nf6 5. Nc3 a6 6. Bc4 b5 7. Bd5 Ra7 8. Be3 Rc7 9. Bb3 Rxc3 10. bxc3 Qc7 11. O-O Nbd7 12. f3 e6 13. a4 bxa4 14. Bxa4 Be7 15. Nc6 Bb7 16. Na5 Ba8 17. Qd3 O-O 18. Qc4 Nc5 19. Bxc5 d5 20. Qxa6 Bxc5+ 21. Kh1 dxe4 22. Bc6 exf3 23. gxf3 Bxc6 24. Qxc6 Qe5 25. Nb3 Be7 26. Rfe1 Qf4 27. Ra4 Qg5 28. Rg1 Qe3 29. Rd4 g6 30. Rd3 Qf4 31. c4 Qb8 32. Qb5 Qc7 33. Re1 Rb8 34. Qe5 Qc8 35. c5 Rb4 36. Ra1 Rc4 37. Ra7 Ng4 38. fxg4 Qc6+ 39. Kg1 Rxg4+ 40. Rg3 Re4 41. Rc7 Qa8 42. Qc3 Qd5 43. Qd2 1-0

[Event "Ano Liosia Open"]
[Site "Ano Liosia GRE"]
[Date "1993.??.??"]
[Round "7"]
[White "Yilmaz, Turhan"]
[Black "Nikolaidis, Ioannis"]
[Result "0-1"]
[WhiteElo "2290"]
[BlackElo "2440"]
[PlyCount "97"]
[EventDate "1993.??.??"]
[Source "www.chesslib.no"]
[SourceDate "2004.05.04"]

1. e4 c5 2. Nf3 d6 3. d4 Nf6 4. Nc3 cxd4 5. Nxd4 a6 6. Bc4 b5 7. Bb3 Bb7 8. O-O Nbd7 9. Re1 Nc5 10. Bd5 Nxd5 11. Nxd5 e5 12. Nf5 h5 13. h4 f6 14. b4 Nd7 15. c3 g6 16. Nfe3 Bg7 17. Qb3 Nb6 18. Nxb6 Qxb6 19. Qe6+ Kf8 20. a4 Re8 21. Qa2 bxa4 22. Nc4 Qc7 23. Be3 Rc8 24. Nb6 Rd8 25. Nxa4 Qf7 26. Qd2 f5 27. Bg5 Bf6 28. Nb6 f4 29. Bxf6 Qxf6 30. b5 axb5 31. Ra7 Rh7 32. c4 Rf7 33. cxb5 d5 34. Qb4+ Kg7 35. Rxb7 Rxb7 36. Nxd5 Qxh4 37. Qc3 Qg5 38. b6 Rdd7 39. Ra1 Rf7 40. Ra8 f3 41. g3 h4 42. Qc8 Kh6 43. Qh8+ Rh7 44. Qf8+ Rbg7 45. Nf6 Qc1+ 46. Kh2 hxg3+ 47. Kh3 Kg5+ 48. Nxh7+ Rxh7+ 49. Kxg3 0-1

[Event "Hessen-ch op"]
[Site "?"]
[Date "2000.04.17"]
[Round "4"]
[White "Niesel Matthias"]
[Black "Gutman Lev"]
[Result "0-1"]
[WhiteElo "2235"]
[BlackElo "2488"]
[PlyCount "114"]
[EventDate "2000.??.??"]
[Source "www.chesslib.no"]
[SourceDate "2004.05.04"]

1. e4 c5 2. Nf3 d6 3. d4 cxd4 4. Nxd4 Nf6 5. Nc3 a6 6. Bc4 b5 7. Bb3 Bg4 8. f3 Bd7 9. Be3 e6 10. a4 b4 11. Nce2 e5 12. Nf5 Be6 13. Qd3 g6 14. Nfg3 Nbd7 15. Rd1 Qc7 16. Bxe6 fxe6 17. Qb3 d5 18. exd5 exd5 19. O-O Rc8 20. c3 Qc4 21. Qxc4 Rxc4 22. b3 Rc8 23. cxb4 Bxb4 24. f4 Ng4 25. Bf2 Nxf2 26. Kxf2 Nf6 27. Kg1 e4 28. h3 Kf7 29. Nd4 Rhe8 30. Nge2 e3 31. Rd3 h6 32. Nf3 Rc2 33. Ne5+ Kg7 34. Nd4 Rd2 35. Ndf3 Rxd3 36. Nxd3 Bc3 37. Rc1 d4 38. g3 Ne4 39. Kg2 a5 40. Nfe5 Rb8 41. g4 Rxb3 42. Kf3 Nd2+ 43. Ke2 Ra3 44. Nc5 Nb3 45. Nxb3 Rxb3 46. Nd3 Ra3 47. Rb1 Ra2+ 48. Kf3 Rd2 49. Rb7+ Kg8 50. Rb8+ Kf7 51. Ne5+ Ke7 52. Rb7+ Kd8 53. Nf7+ Ke8 54. Nd6+ Kf8 55. f5 Rf2+ 56. Kg3 gxf5 57. gxf5 Bb4 0-1

[Event "Challengers 0304"]
[Site "Hastings"]
[Date "2003.12.29"]
[Round "2"]
[White "Hendriks, Willy"]
[Black "Kolbus, Dietmar"]
[Result "1-0"]
[WhiteElo "2403"]
[BlackElo "2315"]
[PlyCount "65"]
[EventDate "2003.12.28"]
[Source "Roberto Alvarez"]
[SourceDate "2004.01.26"]

1. e4 c5 2. Nf3 d6 3. d4 cxd4 4. Nxd4 Nf6 5. Nc3 a6 6. Bc4 b5 7. Bb3 Bb7 8. O-O Nbd7 9. Bg5 e6 10. Re1 Nc5 11. Bd5 exd5 12. exd5+ Kd7 13. b4 Na4 14. Nxa4 bxa4 15. c4 Kc7 16. Qxa4 Qd7 17. Qa5+ Kc8 18. Rac1 Be7 19. Rxe7 Qxe7 20. c5 Qc7 21. cxd6 Qxc1+ 22. Bxc1 Nxd5 23. Nf5 Kd7 24. Be3 g6 25. Ne7 Kxd6 26. Nxd5 Bxd5 27. Bf4+ Ke6 28. Qc7 f6 29. Qd6+ Kf5 30. Qxd5+ Kxf4 31. g3+ Kg4 32. f3+ Kh3 33. Qd1 1-0

[Event "AUT-chT 2003-4"]
[Site "Graz"]
[Date "2003.11.29"]
[Round "2"]
[White "Kotz, Heinz Peter"]
[Black "Hoelzl, Franz"]
[Result "0-1"]
[WhiteElo "2354"]
[BlackElo "2361"]
[PlyCount "98"]
[EventDate "2003.11.01"]
[Source "Roberto Alvarez"]
[SourceDate "2003.12.01"]

1. e4 c5 2. Nf3 d6 3. d4 cxd4 4. Nxd4 Nf6 5. Nc3 a6 6. Bc4 Nbd7 7. O-O g6 8. f4 Bg7 9. Be3 O-O 10. h3 Qc7 11. Bb3 b5 12. Nd5 Nxd5 13. exd5 Nb6 14. Nc6 e6 15. Bd4 Bb7 16. Bxg7 Kxg7 17. Qd4+ Kg8 18. Ne7+ Qxe7 19. Qxb6 Bxd5 20. Bxd5 exd5 21. Rae1 Qf6 22. c3 Rfb8 23. Qc6 d4 24. f5 g5 25. cxd4 Qxd4+ 26. Kh1 Qf6 27. Rf3 Rc8 28. Qd5 Rab8 29. Rd1 Rb6 30. Rd2 Kg7 31. Re2 Rc5 32. Qa8 h5 33. Re8 h4 34. Rf1 Kh7 35. Qa7 Rbc6 36. Re6 Qg7 37. f6 Rc1 38. Rxc1 Rxc1+ 39. Kh2 Qg6 40. Re7 Qb1 41. Re1 Rxe1 42. Qxf7+ Kh6 43. Qg7+ Kh5 44. Qh8+ Kg6 45. Qg7+ Kf5 46. Qd7+ Ke5 47. Qe7+ Kd5 48. Qb7+ Kd4 49. Qa7+ Kd3 0-1

[Event "Lippstadt Turm op"]
[Site "?"]
[Date "1999.??.??"]
[Round "4"]
[White "Toenniges Thomas"]
[Black "Gutman Lev"]
[Result "0-1"]
[WhiteElo "2245"]
[BlackElo "2465"]
[PlyCount "64"]
[EventDate "1999.??.??"]
[Source "www.chesslib.no"]
[SourceDate "2004.05.04"]

1. e4 c5 2. Nf3 d6 3. d4 cxd4 4. Nxd4 Nf6 5. Nc3 a6 6. Bc4 b5 7. Bb3 Bg4 8. f3 Bd7 9. Be3 e6 10. O-O Be7 11. Qe1 Nc6 12. g4 h6 13. Rd1 Qc7 14. Qg3 Nxd4 15. Bxd4 a5 16. a4 e5 17. Be3 bxa4 18. Nxa4 Rb8 19. Nc3 Be6 20. Nd5 Nxd5 21. exd5 Bd7 22. Ra1 a4 23. Bxa4 Bxa4 24. Rxa4 Qxc2 25. Ra7 Bg5 26. f4 exf4 27. Bxf4 O-O 28. Bxd6 Rb3 29. Rf3 Qd1+ 30. Kg2 Bh4 31. Rxb3 Bxg3 32. Bxg3 Qxb3 0-1

[Event "ROM-chT"]
[Site "Herculane"]
[Date "1996.??.??"]
[Round "?"]
[White "Tomescu, Vlad"]
[Black "Bach, Adrian"]
[Result "1-0"]
[WhiteElo "2380"]
[BlackElo "2330"]
[PlyCount "115"]
[EventDate "1996.??.??"]
[Source "ChessBase"]

1. e4 c5 2. Nf3 d6 3. d4 cxd4 4. Nxd4 Nf6 5. Nc3 a6 6. Bc4 b5 7. Bb3 Bb7 8. O-O Nbd7 9. f3 g6 10. Be3 Bg7 11. Qd2 O-O 12. a3 Rc8 13. Rad1 Ne5 14. Bh6 Qb6 15. Bxg7 Kxg7 16. Qf2 Kh8 17. Nde2 Qxf2+ 18. Rxf2 Nc4 19. Bxc4 Rxc4 20. Nd4 Rfc8 21. Nb3 R4c7 22. Na5 Ba8 23. Rdd2 Kg7 24. Rfe2 Rc5 25. Na2 Rb8 26. Nb4 Rb6 27. e5 dxe5 28. Rd8 Bd5 29. Rxe5 e6 30. c3 Rc7 31. Re2 Ra7 32. Rd2 g5 33. Rd4 Kg6 34. h4 gxh4 35. Rxh4 Rd7 36. Rxd7 Nxd7 37. Rd4 Nf6 38. b3 Rb8 39. c4 bxc4 40. bxc4 Ba8 41. Rd6 h5 42. Rxa6 Rd8 43. Kh2 h4 44. c5 Nh5 45. Rd6 Rh8 46. c6 h3 47. gxh3 Nf4 48. Kg3 Kg5 49. h4+ Rxh4 50. c7 Rh3+ 51. Kf2 Rh2+ 52. Ke1 Re2+ 53. Kd1 Bxf3 54. c8=Q Rh2+ 55. Kc1 Ne2+ 56. Kb1 Be4+ 57. Nc2 Nf4 58. Nb3 1-0

[Event "Budapest FS03 IM-B"]
[Site "Budapest HUN"]
[Date "1995.??.??"]
[Round "1"]
[White "Honfi, Karoly"]
[Black "Sziebert, Adam"]
[Result "1/2-1/2"]
[WhiteElo "2380"]
[BlackElo "2330"]
[PlyCount "75"]
[EventDate "1995.03.??"]
[Source "www.chesslib.no"]
[SourceDate "2004.05.04"]

1. e4 c5 2. Nf3 d6 3. d4 cxd4 4. Nxd4 Nf6 5. Nc3 a6 6. Bc4 Nc6 7. Nxc6 bxc6 8. e5 Nd7 9. e6 fxe6 10. Bxe6 Nf6 11. Bxc8 Qxc8 12. O-O e5 13. Bg5 Qg4 14. Bxf6 Qxd1 15. Raxd1 gxf6 16. Ne4 d5 17. Nxf6+ Kf7 18. Ng4 Bd6 19. c4 h5 20. Ne3 d4 21. Nf5 Ke6 22. Nxd6 Kxd6 23. f4 Kc5 24. fxe5 Kxc4 25. Rf6 c5 26. Rc1+ Kd5 27. Rd6+ Kxe5 28. Rc6 Rad8 29. R6xc5+ Ke4 30. Kf2 Rhf8+ 31. Ke1 d3 32. R1c4+ Rd4 33. Rxd4+ Kxd4 34. Rxh5 Re8+ 35. Kd1 Re2 36. Rh4+ Ke3 37. Rh3+ Kd4 38. Rh4+ 1/2-1/2

[Event "St Veit op 17th"]
[Site "St Veit"]
[Date "1998.07.14"]
[Round "4"]
[White "Pierecker, Markus"]
[Black "Mazi, Leon"]
[Result "0-1"]
[WhiteElo "2290"]
[BlackElo "2420"]
[PlyCount "46"]
[EventDate "1998.07.11"]
[Source "ChessBase"]
[SourceDate "1998.09.09"]

1. e4 c5 2. Nf3 d6 3. d4 cxd4 4. Nxd4 Nf6 5. Nc3 a6 6. Bc4 b5 7. Bb3 Bb7 8. O-O Nbd7 9. Re1 Nc5 10. Bd5 Nxd5 11. Nxd5 e6 12. b4 Nxe4 13. Nxe6 fxe6 14. Rxe4 Kd7 15. Rxe6 Kxe6 16. Qg4+ Kxd5 17. Bg5 Qe8 18. Qf3+ Qe4 19. Rd1+ Ke6 20. Qh3+ Kf7 21. Qd7+ Kg8 22. f3 Bc6 23. Qc7 Qe8 0-1

[Event "Vlissingen HZ op"]
[Site "Vlissingen"]
[Date "2000.07.31"]
[Round "4"]
[White "Nijboer, Friso"]
[Black "Rosmuller, Anton J"]
[Result "1-0"]
[WhiteElo "2537"]
[BlackElo "2169"]
[PlyCount "43"]
[EventDate "2000.07.29"]
[Source "www.chesslib.no"]
[SourceDate "2004.05.04"]

1. e4 c5 2. Nf3 d6 3. d4 cxd4 4. Nxd4 Nf6 5. Nc3 a6 6. Bc4 Qc7 7. Bb3 e6 8. O-O Nbd7 9. Bxe6 fxe6 10. Nxe6 Qc4 11. Nd5 Nxd5 12. exd5 Kf7 13. b3 Qc3 14. Bd2 Qf6 15. Bg5 Qc3 16. Re1 Ne5 17. Re3 Qb4 18. Rf3+ Ke8 19. Nc7+ Kd7 20. Nxa8 h6 21. Rf4 Qc5 22. Rc4 1-0

[Event "Oslo"]
[Site "Oslo"]
[Date "1999.??.??"]
[Round "7"]
[White "Skytte, Rasmus"]
[Black "Kristensen, Bjarke"]
[Result "1/2-1/2"]
[WhiteElo "2277"]
[BlackElo "2425"]
[PlyCount "31"]
[EventDate "1999.??.??"]
[Source "www.chesslib.no"]
[SourceDate "2004.05.04"]

1. e4 c5 2. Nf3 d6 3. d4 cxd4 4. Nxd4 Nf6 5. Nc3 a6 6. Bc4 e5 7. Nf3 Be6 8. Bb3 Be7 9. Qd3 O-O 10. Bg5 Nbd7 11. O-O Nc5 12. Qe2 Nxb3 13. axb3 Nh5 14. Be3 Nf4 15. Bxf4 exf4 16. Rad1 1/2-1/2

[Event "EU/M/1034 corr"]
[Site "EU/M/1034 corr"]
[Date "1993.??.??"]
[Round "?"]
[White "Kling, Karl Adolf"]
[Black "Nagel, M.H."]
[Result "1-0"]
[WhiteElo "2350"]
[BlackElo "2335"]
[PlyCount "71"]
[EventDate "1993.??.??"]
[Source "www.chesslib.no"]
[SourceDate "2004.05.04"]

1. e4 c5 2. Nf3 d6 3. d4 cxd4 4. Nxd4 Nf6 5. Nc3 a6 6. Bc4 b5 7. Bb3 Bb7 8. O-O Nbd7 9. Re1 e6 10. Nd5 Nc5 11. Bg5 exd5 12. exd5+ Kd7 13. c4 h6 14. Bxf6 Qxf6 15. cxb5 axb5 16. Nxb5 Be7 17. Nc3 Qf4 18. g3 Qb4 19. Qe2 Bf6 20. Bc4 Ba6 21. Bxa6 Nxa6 22. Qc2 Rac8 23. Rac1 Rc7 24. a3 Qa5 25. Re3 Kd8 26. Qe4 Nc5 27. Qc2 Nd7 28. Qe4 Nb6 29. Rb1 Re7 30. Qd3 Rxe3 31. Qxe3 Re8 32. Qf4 Re5 33. Rd1 Qc5 34. Kg2 Nxd5 35. Nxd5 Rxd5 36. b4 1-0

[Event "Moscow GM4"]
[Site "Moscow"]
[Date "1996.??.??"]
[Round "?"]
[White "Vorobiov, Evgeny E"]
[Black "Dvalishvili, Pavel S"]
[Result "1/2-1/2"]
[WhiteElo "2320"]
[BlackElo "2365"]
[PlyCount "39"]
[EventDate "1996.??.??"]
[Source "www.chesslib.no"]
[SourceDate "2004.05.04"]

1. e4 c5 2. Nf3 d6 3. d4 cxd4 4. Nxd4 Nf6 5. Nc3 a6 6. Bc4 b5 7. Bb3 Bb7 8. O-O Nbd7 9. Re1 Rc8 10. Bg5 e6 11. a4 bxa4 12. Bxf6 Qxf6 13. Bxa4 Be7 14. Nf3 Rc7 15. e5 Bxf3 16. exf6 Bxd1 17. Nd5 exd5 18. Rxe7+ Kd8 19. Rxd7+ Rxd7 20. Bxd7 1/2-1/2

[Event "3. Pereyra Memorial"]
[Site "?"]
[Date "2004.12.12"]
[Round "3"]
[White "Alonso Salvador"]
[Black "Goldwaser Cristian"]
[Result "1/2-1/2"]
[WhiteElo "2467"]
[BlackElo "2214"]
[PlyCount "101"]
[EventDate "2004.??.??"]
[Source "www.chesslib.no"]
[SourceDate "2004.05.04"]

1. e4 c5 2. Nf3 d6 3. d4 cxd4 4. Nxd4 Nf6 5. Nc3 a6 6. Bc4 b5 7. Bb3 Bb7 8. Qe2 Nbd7 9. Bg5 g6 10. a4 Bg7 11. axb5 axb5 12. Rd1 O-O 13. O-O Nc5 14. Bd5 Qb6 15. Qxb5 Qxb5 16. Ndxb5 Rab8 17. Rfe1 h6 18. Bc1 Nfd7 19. Bxb7 Rxb7 20. Nd4 Rc8 21. f3 Ne6 22. Nde2 Nb6 23. Kf1 h5 24. g3 Kf8 25. Kg2 Nc4 26. b3 Nb6 27. Bd2 Nd7 28. f4 Rbc7 29. f5 Nd8 30. Nd5 Rxc2 31. fxg6 fxg6 32. Rf1+ Ke8 33. b4 Ne5 34. Kh1 Nc4 35. Bc3 Rxe2 36. Bxg7 Ne6 37. Bc3 Rxe4 38. Rfe1 Rxe1+ 39. Rxe1 Kd7 40. Re4 Nc7 41. Rxe7+ Kd8 42. Rxc7 Rxc7 43. Nxc7 Kxc7 44. Kg2 Kd7 45. Kf3 Ke6 46. Ke4 Na3 47. Bb2 Nb5 48. Kf4 Nc7 49. Kg5 Kf7 50. Kf4 Nd5+ 51. Kf3 1/2-1/2

[Event "Pardubice"]
[Site "?"]
[Date "2006.07.25"]
[Round "5.72"]
[White "Dinger Florian"]
[Black "Safarli Eltaj"]
[Result "0-1"]
[WhiteElo "2259"]
[BlackElo "2421"]
[PlyCount "64"]
[EventDate "2006.??.??"]
[Source "www.chesslib.no"]
[SourceDate "2004.05.04"]

1. e4 c5 2. Nf3 d6 3. d4 cxd4 4. Nxd4 Nf6 5. Nc3 a6 6. Bc4 b5 7. Bb3 Bb7 8. Qf3 e6 9. Bg5 b4 10. Nd5 exd5 11. exd5 Be7 12. O-O-O O-O 13. Nf5 Bc8 14. Nxe7+ Qxe7 15. Rhe1 Qd8 16. Rd4 Nbd7 17. Ba4 Ne5 18. Qg3 Ng6 19. h4 h6 20. Bd2 a5 21. c3 Bf5 22. h5 Ne5 23. Rh1 Kh8 24. Bc2 Bxc2 25. Kxc2 Qd7 26. Qf4 bxc3 27. Bxc3 Qb5 28. Qd2 Rac8 29. Rh3 Rc4 30. f4 Rxd4 31. Qxd4 Qe2+ 32. Kb3 Rb8+ 0-1

[Event "Cuxhaven IM"]
[Site "?"]
[Date "2000.??.??"]
[Round "4"]
[White "Zapolskis Antanas"]
[Black "Hertel Peter"]
[Result "0-1"]
[WhiteElo "2410"]
[BlackElo "2265"]
[PlyCount "108"]
[EventDate "2000.??.??"]
[Source "www.chesslib.no"]
[SourceDate "2004.05.04"]

1. e4 c5 2. Nf3 d6 3. d4 cxd4 4. Nxd4 Nf6 5. Nc3 a6 6. Bc4 g6 7. O-O Bg7 8. Re1 O-O 9. Nd5 Nc6 10. Nxf6+ Bxf6 11. Be3 Qc7 12. Bd5 Bd7 13. c3 e6 14. Bb3 Na5 15. Bh6 Nxb3 16. axb3 Bg7 17. Qd2 e5 18. Nc2 Be6 19. b4 Qc6 20. f3 Rad8 21. Bxg7 Kxg7 22. Ne3 d5 23. exd5 Bxd5 24. Rad1 Bxf3 25. Qxd8 Rxd8 26. Rxd8 Bxg2 27. Rd2 Bf3 28. Nc2 Qf6 29. Rf2 Qg5+ 30. Kf1 Bd5 31. Ne3 Be6 32. c4 Qh4 33. b3 Qd4 34. Nc2 Qd3+ 35. Kg1 Qxb3 36. c5 Bf5 37. Ne3 Bd3 38. Ng2 e4 39. Nf4 Qxb4 40. Nxd3 exd3 41. Kf1 Qxc5 42. Rd1 Qd5 43. Kg1 Qd4 44. Kf1 Qe4 45. Rfd2 Qh1+ 46. Kf2 Qxh2+ 47. Ke3 Qg3+ 48. Kd4 h5 49. Rxd3 Qf4+ 50. Kc3 h4 51. Rb1 b5 52. Rb4 Qe5+ 53. Kd2 g5 54. Rbd4 h3 0-1

[Event "5th Open Voronezh RUS"]
[Site "?"]
[Date "2001.??.??"]
[Round "8"]
[White "Shtyka, S."]
[Black "Manukovsky, V."]
[Result "1-0"]
[WhiteElo "2365"]
[BlackElo "2300"]
[PlyCount "93"]
[EventDate "2001.??.??"]
[Source "www.chesslib.no"]
[SourceDate "2004.05.04"]

1. e4 c5 2. Nf3 d6 3. d4 cxd4 4. Nxd4 Nf6 5. Nc3 a6 6. Bc4 b5 7. Bb3 Bb7 8. O-O Nbd7 9. Re1 Rc8 10. a4 bxa4 11. Nxa4 g6 12. Qd3 Qc7 13. Qh3 Bg7 14. Bh6 O-O 15. Re3 e5 16. Nf5 Bxh6 17. Qxh6 gxf5 18. Rg3+ Ng4 19. exf5 Kh8 20. Rxg4 Rg8 21. h3 Qc6 22. f3 Rxg4 23. hxg4 Rg8 24. Qd2 d5 25. Nc3 Nb6 26. Rd1 Qc5+ 27. Qf2 Rc8 28. Qxc5 Rxc5 29. g5 Kg7 30. f4 e4 31. Ne2 a5 32. Nd4 a4 33. Ba2 h6 34. Kf2 Ba6 35. Rh1 hxg5 36. fxg5 Bc4 37. b3 axb3 38. cxb3 Bd3 39. b4 Rc3 40. Rh6 Nc4 41. f6+ Kg8 42. Nc6 e3+ 43. Kg3 Bh7 44. Ne7+ Kh8 45. Bb1 e2+ 46. Kh2 e1=Q 47. Rxh7# 1-0

[Event "FSIMB May"]
[Site "Budapest"]
[Date "2003.05.04"]
[Round "2"]
[White "Grafl, Florian"]
[Black "Farago, Sandor"]
[Result "1-0"]
[WhiteElo "2317"]
[BlackElo "2342"]
[PlyCount "129"]
[EventDate "2003.05.03"]
[Source "Roberto Alvarez"]
[SourceDate "2003.05.19"]

1. e4 c5 2. Nf3 d6 3. d4 cxd4 4. Nxd4 Nf6 5. Nc3 a6 6. Bc4 Nbd7 7. Bb3 Nc5 8. Qe2 e5 9. Nf3 Be7 10. Bg5 Qa5 11. O-O Bg4 12. Rfd1 Rd8 13. Bxf6 gxf6 14. Nd5 Ne6 15. h3 Nd4 16. Rxd4 Bxf3 17. Qc4 Bh5 18. Qb4 Qxb4 19. Rxb4 Rb8 20. Ba4+ Kf8 21. Bc6 Bg6 22. f3 f5 23. exf5 Bxf5 24. Rxb7 Rxb7 25. Bxb7 a5 26. Nxe7 Kxe7 27. Be4 Be6 28. Rd1 f5 29. Bd5 Rc8 30. c3 Rb8 31. b3 Rb5 32. c4 Rb4 33. g4 a4 34. Bxe6 Kxe6 35. Rd3 axb3 36. axb3 f4 37. h4 h6 38. Kf2 Rb8 39. Ke2 Rb6 40. Kd2 e4 41. Rd4 exf3 42. Re4+ Kd7 43. Kc3 d5 44. Rxf4 dxc4 45. bxc4 Rg6 46. Kd3 f2 47. Ke2 h5 48. gxh5 Rh6 49. Kxf2 Rxh5 50. Kg3 Ke6 51. Kg4 Rh8 52. h5 Rg8+ 53. Kh4 Ke5 54. Rg4 Rh8 55. Rg6 Kf5 56. c5 Rc8 57. Rg5+ Kf6 58. h6 Rc7 59. Kh5 Ra7 60. Rg4 Rc7 61. c6 Ra7 62. Rf4+ Ke5 63. Rc4 Rc7 64. Kg6 Kd5 65. Rc1 1-0

[Event "Cup Independence (open)"]
[Site "Kiev (Ukraine)"]
[Date "2007.08.16"]
[Round "4"]
[White "Nyzhnyk Illya (UKR)"]
[Black "Golichenko Ilija (UKR)"]
[Result "1-0"]
[WhiteElo "2341"]
[BlackElo "2306"]
[PlyCount "129"]
[EventDate "2007.??.??"]
[Source "www.chesslib.no"]
[SourceDate "2004.05.04"]

1. e4 c5 2. Nf3 d6 3. d4 cxd4 4. Nxd4 Nf6 5. Nc3 a6 6. Bc4 b5 7. Bd5 Nxd5 8. exd5 g6 9. Be3 Bg7 10. Qd2 Bb7 11. Bh6 Bxh6 12. Qxh6 b4 13. Qg7 Rf8 14. Nce2 Bxd5 15. Nf4 Qa5 16. O-O Bb7 17. Rfe1 Nd7 18. Nb3 Qg5 19. Qd4 Ne5 20. Qxb4 Bc6 21. Re3 a5 22. Qd4 Nf3+ 23. Rxf3 Bxf3 24. Qa4+ Kd8 25. Nd4 Bg4 26. Nc6+ Kc7 27. Nxe7 Bf3 28. Qc4+ Kd8 29. Ned5 Bxd5 30. Nxd5 Rc8 31. Qb5 Qd2 32. c3 f5 33. Kf1 Rc5 34. Qb6+ Ke8 35. Ne3 Qd3+ 36. Kg1 Rf6 37. Rd1 Qb5 38. Qa7 Qxb2 39. Nd5 Rxd5 40. Qa8+ Ke7 41. Qxd5 Qxc3 42. Qb7+ Kf8 43. Qd7 Rf7 44. Qxd6+ Kg7 45. h3 f4 46. f3 Kh6 47. Qd8 Qe3+ 48. Kh2 Qf2 49. Qxa5 Rf5 50. Qd2 Qg3+ 51. Kh1 Re5 52. Rc1 Kh5 53. a4 Kh6 54. Rb1 Qg5 55. Rb4 Re3 56. Re4 Rxe4 57. fxe4 Qf6 58. a5 g5 59. Kh2 Qa1 60. Qd6+ Kh5 61. a6 h6 62. e5 Qe1 63. Qd3 Kh4 64. a7 f3 65. Qxf3 1-0

[Event "Capablanca mem-C 13th"]
[Site "Cienfuegos City CUB"]
[Date "1976.05.23"]
[Round "7"]
[White "Castro, Oscar H"]
[Black "Garces, Napoleon"]
[Result "0-1"]
[WhiteElo "2380"]
[BlackElo "2260"]
[PlyCount "118"]
[EventDate "1976.05.17"]
[Source "www.chesslib.no"]
[SourceDate "2004.05.04"]

1. e4 c5 2. Nf3 d6 3. d4 cxd4 4. Nxd4 Nf6 5. Nc3 a6 6. Bc4 Nbd7 7. a4 e5 8. Nde2 Nb6 9. Bb3 Be6 10. Bg5 Be7 11. O-O O-O 12. a5 Nc4 13. Bxf6 Bxf6 14. Bxc4 Bxc4 15. Nd5 Rc8 16. Nb6 Rc5 17. b3 Be6 18. c4 Be7 19. Nc3 f5 20. exf5 Rxf5 21. Ne4 Rc6 22. Nd5 Bf8 23. Qd3 Qh4 24. Ng3 Rf7 25. Qe4 Qxe4 26. Nxe4 Bxd5 27. cxd5 Rc2 28. g3 h6 29. Kg2 Rfc7 30. h4 Rb2 31. Rfb1 Rcc2 32. Kf3 Be7 33. Ke3 Bd8 34. Rxb2 Rxb2 35. Nd2 e4 36. Ra3 b5 37. Nxe4 b4 38. Ra4 Rxb3+ 39. Kd4 Rb1 40. Kc4 b3 41. Nd2 Rb2 42. Nxb3 Rxf2 43. Rb4 Kh7 44. Rb8 Bf6 45. Rb6 Rc2+ 46. Kb4 Rg2 47. Rxa6 Rxg3 48. Rc6 Bxh4 49. a6 Rg2 50. Rc4 Bf2 51. Ka3 Rg5 52. Rf4 Bb6 53. Rb4 Be3 54. Nd4 Rxd5 55. a7 Ra5+ 56. Ra4 Rxa7 57. Rxa7 Bxd4 58. Re7 Be5 59. Kb4 h5 0-1

[Event "Palanga (URS)"]
[Site "?"]
[Date "1968.??.??"]
[Round "?"]
[White "Klovsky Rafail"]
[Black "Pohla Harry"]
[Result "1-0"]
[WhiteElo "2305"]
[BlackElo "2335"]
[PlyCount "43"]
[EventDate "1968.??.??"]
[Source "www.chesslib.no"]
[SourceDate "2004.05.04"]

1. e4 c5 2. Nf3 d6 3. Nc3 a6 4. d4 cxd4 5. Nxd4 Nf6 6. Bc4 g6 7. Bb3 Bg7 8. f3 O-O 9. Be3 Nc6 10. Qd2 Bd7 11. h4 Qa5 12. O-O-O Rfc8 13. h5 Nxh5 14. g4 Nxd4 15. Bxd4 Bxd4 16. Qxd4 Qg5+ 17. Kb1 Nf6 18. Qf2 Be6 19. Qh2 Bxb3 20. axb3 Rxc3 21. bxc3 Rd8 22. f4 1-0

[Event "Stork YM"]
[Site "Hengelo"]
[Date "2001.08.08"]
[Round "6"]
[White "Jackova, Jana"]
[Black "Vink, Nico"]
[Result "1-0"]
[WhiteElo "2350"]
[BlackElo "2281"]
[PlyCount "43"]
[EventDate "2001.08.06"]
[Source "ChessBase"]
[SourceDate "2001.09.11"]

1. e4 c5 2. Nf3 d6 3. d4 cxd4 4. Nxd4 Nf6 5. Nc3 a6 6. Bc4 Nbd7 7. a3 Qc7 8. Ba2 e6 9. O-O Nc5 10. Qe2 Be7 11. Bd2 O-O 12. f4 Qb6 13. e5 dxe5 14. fxe5 Nfd7 15. Kh1 Na4 16. Nxe6 Nxc3 17. Qg4 fxe6 18. Bh6 Rxf1+ 19. Rxf1 g6 20. Qf3 Nxa2 21. Qf7+ Kh8 22. Bg7# 1-0

[Event "Yerevan ol (Men)"]
[Site "Yerevan"]
[Date "1996.??.??"]
[Round "12"]
[White "Lendwai, Reinhard"]
[Black "Noble, Mark Frederick"]
[Result "1-0"]
[WhiteElo "2370"]
[BlackElo "2260"]
[PlyCount "57"]
[EventDate "1996.09.??"]
[Source "www.chesslib.no"]
[SourceDate "2004.05.04"]

1. e4 c5 2. Nf3 d6 3. d4 cxd4 4. Nxd4 Nf6 5. Nc3 a6 6. Bc4 Nc6 7. Nxc6 bxc6 8. e5 Nd7 9. e6 fxe6 10. Bxe6 Nc5 11. Bxc8 Qxc8 12. O-O Qf5 13. f4 h5 14. Be3 Rh6 15. Qf3 Rc8 16. Bxc5 Qxc5+ 17. Kh1 e6 18. Qe2 Qb6 19. Ne4 Be7 20. c4 Qa5 21. c5 d5 22. Ng5 Qxc5 23. Nxe6 Qb5 24. Qe5 Qb8 25. Nxg7+ Kf7 26. Nf5 Re6 27. Qg7+ Ke8 28. Rfe1 Qe5 29. Rxe5 1-0

[Event "BEL-chT Gesloten reeks"]
[Site "?"]
[Date "2003.05.31"]
[Round "3"]
[White "Daels Marc"]
[Black "Piceu Tom"]
[Result "0-1"]
[WhiteElo "2290"]
[BlackElo "2320"]
[PlyCount "44"]
[EventDate "2003.??.??"]
[Source "www.chesslib.no"]
[SourceDate "2004.05.04"]

1. e4 c5 2. Nf3 d6 3. d4 cxd4 4. Nxd4 Nf6 5. Nc3 a6 6. Bc4 Nbd7 7. f4 b5 8. Bd5 Nxd5 9. exd5 Bb7 10. O-O Nf6 11. a3 Nxd5 12. Ndxb5 Nf6 13. Nd4 g6 14. f5 Rg8 15. Rf2 gxf5 16. Nxf5 e6 17. Re2 Bf3 18. Bf4 Bxe2 19. Qxe2 Qb6+ 20. Kf1 Qxb2 21. Qc4 Qxa1+ 22. Kf2 Qxc3 0-1